Borussia Dortmund : 11 du XXIème siècle - Statistiques

Statistiques générales
  • Ce quiz a été pris 294 fois
  • Le résultat moyen est 11 sur 16
Statistiques - réponses
Poste Nationalité Années au club Joueurs % Correct
Buteur Polonais 2010-2014 Robert Lewandowski
97%
Remplaçant (Attaquant) Norvégien 2020-2022 Erling Haaland
95%
Milieu Offensif/Ailier Gauche Allemand 2012-2024 Marco Reus
95%
Défenseur Central Allemand 2008-2016/2019-2024 Mats Hummels
95%
Ailier Gauche Gabonais 2013-2018 Pierre-Emerick Aubameyang
94%
Remplaçant (Milieu) Anglais 2020-2023 Jude Bellingham
87%
Entraîneur Allemand 2008-2015 Jurgen Klopp
79%
Remplaçant (Gardien) Suisse 2021 Gregor Kobel
78%
Milieu Central Allemand 2009-2013/2016-2020 Mario Götze
65%
Gardien Allemand 2002-2018 Roman Weidenfeller
55%
Défenseur Central Serbe 2008-2018 Neven Subotic
51%
Défenseur Droit Polonais 2010-2021 Lukasz Piszczek
50%
Milieu Central Allemand 2011-2016 Ilkay Gundogan
47%
Défenseur Gauche Allemand 2008-2022 Marcel Schmelzer
45%
Remplaçant (Défenseur/Milieu) Allemand 2009-2017 Sven Bender
24%
Milieu Offensif Allemand 1993-2009 Lars Ricken
13%
Aucun quiz correspondant
Distribution des résultats
% des personnes avec chaque résultat
Percentile par nombre de réponses
Votre historique - résultats
Vous n’avez pas pris ce quiz